| 000 | 00986cam a2200301 a 4500 | ||
|---|---|---|---|
| 001 | 2178 | ||
| 005 | 20251209103044.0 | ||
| 020 | _a1563977249 | ||
| 020 | _a0439266513 | ||
| 040 |
_aOWe _cOWe _dO _dDLC _beng |
||
| 050 | 0 | 0 |
_aQC360 _b.S95 1999 |
| 082 | 0 | 4 |
_a779/.092 _a535.4 _221 |
| 100 | 1 | _aSwinburne, Stephen R. | |
| 245 | 1 | 0 |
_aGuess whose shadow? / _cStephen R. Swinburne. |
| 250 | _aFirst Scholastic Printing, February 2001 | ||
| 260 |
_aNew York : _bScholastic, _c1999 |
||
| 300 |
_a29 unnumbered pages : _billustrations _c21 x 26 cm |
||
| 505 | _aD | ||
| 520 | _a"A photo-essay on how light creates shadows." | ||
| 521 |
_a280 _bLexile |
||
| 521 |
_aD _bRaz-Plus |
||
| 650 | 0 |
_aLight _vPictorial works _vJuvenile literature. |
|
| 650 | 0 |
_aShades and shadows _vPictorial works _vJuvenile literature. |
|
| 650 | 0 |
_aReflection (Optics) _vPictorial works _vJuvenile literature. |
|
| 650 | 1 | _aShadows. | |
| 906 |
_a7 _bcbc _ccopycat _d2 _eopcn _f19 _gy-gencatlg |
||
| 942 |
_2ddc _cBK _n0 |
||
| 999 |
_c2178 _d2178 |
||